| 000 | 00644nam a2200193 i 4500 | ||
|---|---|---|---|
| 001 | 100005 | ||
| 003 | ES-MaACL | ||
| 005 | 20230906182604.0 | ||
| 007 | t| | ||
| 008 | 050921s1920 sp ||||1| spa d | ||
| 100 | 1 |
_aMartínez Sierra, Gregorio, _d1881-1947 _978429 |
|
| 245 | 1 | 3 |
_aEl diablo se ríe / _cGregorio Martínez Sierra. |
| 260 |
_aMadrid : _bCalleja, _c1920. |
||
| 300 |
_a258 p. ; _c19 cm. |
||
| 594 | _aObra en colaboración entre Gregorio Martínez Sierra y María Lejárraga (María Martínez Sierra) | ||
| 700 | 1 |
_aMartínez Sierra, María, _d1874-1974 _978430 |
|
| 852 | 4 |
_aES-MaACL _jF-8276 |
|
| 999 |
_c100005 _d100005 |
||